000 00308nam a22001217a 4500
008 230620b xxu||||| |||| 00| 0 eng d
082 _a323.16
_bHOD
100 _cThomas Hodgkin
245 _aNationalism in Colonial Africa
260 _aLondon
_bFrederick Muller LTD
_c1956
300 _a215p
942 _2ddc
_cBK
999 _c1802
_d1802